| 000 | 00523nam a2200193Ia 4500 | ||
|---|---|---|---|
| 005 | 20250423101738.0 | ||
| 008 | 250422s9999 xx 000 0 und d | ||
| 020 | _a139780495800873 | ||
| 050 | _aPN 4781 .R53/ | ||
| 100 | _aRich, Carole | ||
| 245 | 0 | _aWriting and reporting news: a coaching method | |
| 250 | _a6th ed. | ||
| 260 | _aBoston | ||
| 260 | _bWadsworth Cengage Learning | ||
| 260 | _c2010 | ||
| 300 | _a531 p | ||
| 650 | _aReporters and reporting. Journalism--Authorship. Report writing. | ||
| 942 | _cBK | ||
| 999 |
_c37156 _d37156 |
||